| 000 | 00764nam a2200217Ia 4500 | ||
|---|---|---|---|
| 003 | GCL | ||
| 008 | 140319s9999 xx 000 0 ara d | ||
| 040 |
_aGCL / _cGCL |
||
| 082 | 0 | 4 |
_aق _b320.9 _bز ك |
| 100 | 1 | _aراخاروف، ا | |
| 245 | 1 | 0 |
_aكمب ديفيد : سياسة مصيرها الفشل / _cراخاروف، ا |
| 700 | 1 | _aفوسين، ا | |
| 700 | 1 | _aماجد علاءالدين | |
| 250 | _aالاولى | ||
| 260 |
_aالقاهرة : _bلجنة الاعلام والدراسات المستقبلية ، _c1985 |
||
| 300 |
_a336 ص ؛ _c24سم |
||
| 650 | 0 | 4 | _aالنزاع العربى الاسرائيلى |
| 650 | 0 | 4 | _aاتفاقيات كامب ديفيد |
| 650 | 0 | 4 | _aمصر - العلاقات الخارجية |
| 942 |
_2ddc _cBK |
||
| 999 |
_c30590 _d30590 |
||